Lecture notes. (Record no. 118976)

MARC details
000 -LEADER
fixed length control field 00861pam a2200277 a 4500
008 - FIXED-LENGTH DATA ELEMENTS--GENERAL INFORMATION
fixed length control field
020 ## - INTERNATIONAL STANDARD BOOK NUMBER
International Standard Book Number 9781405139113 (pbk.)
049 ## - LOCAL HOLDINGS (OCLC)
Holding library MAIN
090 ## - LOCALLY ASSIGNED LC-TYPE CALL NUMBER (OCLC); LOCAL CALL NUMBER (RLIN)
Classification number (OCLC) (R) ; Classification number, CALL (RLIN) (NR) RD31
Local cutter number (OCLC) ; Book number/undivided call number, CALL (RLIN) ELL.
003 - CONTROL NUMBER IDENTIFIER
control field
005 - DATE AND TIME OF LATEST TRANSACTION
control field 20230120204212.0
040 ## - CATALOGING SOURCE
Transcribing agency NUST
100 1# - MAIN ENTRY--PERSONAL NAME
Personal name Ellis, Harold.
245 10 - TITLE STATEMENT
Title Lecture notes.
Name of part/section of a work General surgery /
Statement of responsibility, etc. Harold Ellis, Sir Roy Calne, Christopher J. E. Watson.
250 ## - EDITION STATEMENT
Edition statement 11th ed.
260 ## - PUBLICATION, DISTRIBUTION, ETC.
Place of publication, distribution, etc. Malden, Mass. :
Name of publisher, distributor, etc. Blackwell,
Date of publication, distribution, etc. c2006.
300 ## - PHYSICAL DESCRIPTION
Extent vii, 423 p. :
Other physical details ill. ;
Dimensions 25 cm.
500 ## - GENERAL NOTE
General note Includes index.
650 #0 - SUBJECT ADDED ENTRY--TOPICAL TERM
Topical term or geographic name entry element Surgery
Form subdivision Handbooks, manuals, etc.
650 12 - SUBJECT ADDED ENTRY--TOPICAL TERM
Topical term or geographic name entry element Surgical Procedures, Operative.
650 #2 - SUBJECT ADDED ENTRY--TOPICAL TERM
Topical term or geographic name entry element General Surgery
General subdivision methods
Form subdivision Handbooks.
700 1# - ADDED ENTRY--PERSONAL NAME
Personal name Calne, Roy Yorke.
700 1# - ADDED ENTRY--PERSONAL NAME
Personal name Watson, Christopher J. E.
907 ## - LOCAL DATA ELEMENT G, LDG (RLIN)
a .b10354360
b 21-09-16
c 28-01-15
942 ## - ADDED ENTRY ELEMENTS (KOHA)
Koha item type Ordinary Loan Books
Call number prefix RD31
Call number suffix ELL.
Holdings
Date last seen Total Checkouts Full call number Barcode Cost, replacement price Price effective from Koha item type Lost status Source of classification or shelving scheme Damaged status Not for loan Collection Withdrawn status Home library Current library Shelving location Date acquired Cost, normal purchase price
01/20/2023   RD31 ELL 92004041658 80.00 01/20/2023 BOOKS   LCC     NFIC   Medical Medical GEN 01/20/2023 80.00